000 00287 a2200133 4500
001 195123
040 _cMagnum
100 _aNunes, Lygia Bojunga
240 1 0 _aA bolsa amarela
_lpor
245 1 0 _aA bolsa amarela
300 _a135
697 _aLITERATURA INFANTO-JUVENIL
942 _cBK
999 _c195123
_d195123